| 000 | 00782cab a2200241 4500 | ||
|---|---|---|---|
| 001 | ABS40332 | ||
| 008 | 090401t1989 xxu||||| |||| 00| 0 eng d | ||
| 035 | _a(Sirsi) u23124 | ||
| 041 | _aeng | ||
| 100 | _aHannay, P. | ||
| 245 | _aCity offices, London | ||
| 260 | _c1989 | ||
| 350 | _a0 | ||
| 490 |
_aArchitects` Journal _v189(8) 22 February 1989, 41-64(19) |
||
| 520 | _aBuilding study appraisal of a new office development at 13/14 Appold Street, London , EC2. Includes an elemental cost analysis. Photos, plans. | ||
| 650 | _aBUILT ENVIRONMENT-BUILDING COSTS | ||
| 650 | _aCITY | ||
| 650 | _aBUILT ENVIRONMENT-BUILDING MAINTENANCE AND REFURBISHMENT | ||
| 690 | _aBUILDING AND CONSTRUCTION-PROJECTS | ||
| 700 | _aBarbrook, R. | ||
| 942 | _n0 | ||
| 948 | _c04/03/1997 | ||
| 999 |
_c15487 _d15487 |
||